[Event "Krefeld Christmas op"]
[Site "Krefeld"]
[Date "2024.12.28"]
[Round "3"]
[White "Wunden, Hendrik"]
[Black "Walter, Andreas"]
[Result "0-1"]
[WhiteElo "1933"]
[BlackElo "2175"]
[PlyCount "66"]
[EventDate "2024.12.27"]
[EventType "swiss"]
[EventRounds "7"]
[EventCountry "GER"]
[SourceTitle "CB01_2025"]
[SourceDate "2025.01.01"]
[SourceVersion "1"]
[SourceVersionDate "2025.01.01"]
[SourceQuality "1"]

1. Nf3 d5 2. g3 c5 3. Bg2 Nc6 4. d4 Nf6 5. 0-0 cxd4 6. Nxd4 e5 7. Nxc6 bxc6 8. c4 Be6 9. Nc3 Rc8 10. Qa4 d4 11. Ne4 Nxe4 12. Bxe4 Qd7 13. b3 f5 14. Bg2 c5 15. Qxd7+ Kxd7 16. Rd1 Be7 17. h4 Rhd8 18. Bd2 Ke8 19. Bb7 Rb8 20. Bc6+ Kf7 21. Ba5 Rdc8 22. Bg2 Bd8 23. Bd2 Bf6 24. Bh3 h6 25. Rf1 g5 26. f4 gxf4 27. gxf4 e4 28. Be1 d3 29. Bf2 dxe2 30. Rfe1 Bxa1 31. Rxa1 Rd8 32. Re1 Rd1 33. Bg3 Rg8 0-1

[Event "Muensterland op 40th"]
[Site "Muenster"]
[Date "2023.10.03"]
[Round "5"]
[White "Walter, Andreas"]
[Black "Belke, Frank"]
[Result "1-0"]
[WhiteElo "2151"]
[BlackElo "2178"]
[PlyCount "59"]
[EventDate "2023.09.30"]
[EventType "swiss"]
[EventRounds "9"]
[EventCountry "GER"]
[SourceTitle "CBM 216 Extra"]
[Source "ChessBase"]
[SourceDate "2023.11.30"]
[SourceVersion "1"]
[SourceVersionDate "2023.11.30"]
[SourceQuality "1"]

1. e4 e6 2. d4 d5 3. e5 c5 4. c3 Nc6 5. Nf3 Bd7 6. Be2 Nge7 7. Na3 cxd4 8. cxd4 Qb6 9. 0-0 Nf5 10. Nc2 Nb4 11. Nxb4 Bxb4 12. a4 h6 13. h4 Rc8 14. h5 Rc7 15. g4 Ne7 16. Be3 0-0 17. Bd3 a5 18. Kh1 Nc6 19. Rg1 f5 20. exf6 Rxf6 21. Ne5 Be8 22. Bb1 Ne7 23. Qd3 Kf8 24. Qh7 Ng8 25. Qh8 Bf7 26. Bh7 Ke7 27. Rac1 Bd6 28. Bxg8 Qxb2 29. Bxf7 Rxf7 30. Rxc7+ 1-0

[Event "GER-ch blitz"]
[Site "Magdeburg"]
[Date "2022.08.21"]
[Round "29"]
[White "Heidenfeld, Mark"]
[Black "Walter, Andreas"]
[Result "1-0"]
[WhiteElo "2373"]
[BlackElo "2241"]
[PlyCount "105"]
[EventDate "2022.08.21"]
[EventType "tourn (blitz)"]
[EventRounds "29"]
[EventCountry "GER"]
[EventCategory "5"]
[SourceTitle "CBM 210 Extra"]
[Source "ChessBase"]
[SourceDate "2022.11.30"]
[SourceVersion "1"]
[SourceVersionDate "2022.11.30"]
[SourceQuality "1"]

1. e4 e5 2. Nf3 Nc6 3. Bb5 Nf6 4. Bxc6 dxc6 5. 0-0 Bd6 6. d4 Nd7 7. dxe5 Nxe5 8. Nxe5 Bxe5 9. Qxd8+ Kxd8 10. Rd1+ Ke8 11. f4 Bf6 12. Nd2 Bg4 13. Nf3 Rd8 14. Rxd8+ Kxd8 15. c3 Re8 16. e5 Be7 17. Be3 b6 18. Kf2 c5 19. h3 Be6 20. g4 g6 21. b3 Kd7 22. c4 Kc6 23. Rd1 a5 24. Nd2 a4 25. Ne4 axb3 26. axb3 Ra8 27. Kf3 Ra3 28. Rb1 b5 29. cxb5+ Kxb5 30. Nd2 Bd5+ 31. Ke2 Kb4 32. f5 gxf5 33. gxf5 Ra2 34. f6 Bf8 35. Kd3 Be6 36. Rg1 Bf5+ 37. Ke2 Bg6 38. h4 c4 39. bxc4 Bc5 40. Rg5 Kc3 41. h5 Bd3+ 42. Kf3 Bxe3 43. Kxe3 Rxd2 44. Rg7 Re2+ 45. Kf4 Re4+ 46. Kf5 Rxc4+ 47. Kg5 Rc5 48. Rxf7 Rxe5+ 49. Kh6 Re6 50. Kg7 Kd4 51. Rxc7 Re8 52. f7 Rb8 53. f8Q 1-0

[Event "GER-ch blitz"]
[Site "Magdeburg"]
[Date "2022.08.21"]
[Round "3"]
[White "Walter, Andreas"]
[Black "Voege, Tobias"]
[Result "1-0"]
[WhiteElo "2241"]
[BlackElo "2360"]
[PlyCount "119"]
[EventDate "2022.08.21"]
[EventType "tourn (blitz)"]
[EventRounds "29"]
[EventCountry "GER"]
[EventCategory "5"]
[SourceTitle "CBM 210 Extra"]
[Source "ChessBase"]
[SourceDate "2022.11.30"]
[SourceVersion "1"]
[SourceVersionDate "2022.11.30"]
[SourceQuality "1"]

1. d4 e6 2. c4 Bb4+ 3. Bd2 a5 4. Nc3 d6 5. Nf3 Nc6 6. a3 Bxc3 7. Bxc3 Nf6 8. Qc2 0-0 9. e3 Qe7 10. Be2 e5 11. d5 Nb8 12. Nd2 a4 13. 0-0 Nbd7 14. Rae1 Nc5 15. h3 g6 16. e4 Ne8 17. f4 f5 18. fxe5 dxe5 19. exf5 Bxf5 20. Qd1 Nd6 21. Nf3 e4 22. Nd4 Qg5 23. Kh2 Rae8 24. g4 Bd7 25. Rxf8+ Rxf8 26. Rf1 Rxf1 27. Qxf1 Nd3 28. Bxd3 exd3 29. Qxd3 Qf4+ 30. Kg2 Ne4 31. Ne2 Qf2+ 32. Kh1 Qf1+ 33. Kh2 Qf2+ 34. Kh1 Nxc3 35. Nxc3 Qxb2 36. Ne4 Qc1+ 37. Kg2 Qf4 38. Qd4 Qf7 39. g5 b6 40. Nf6+ Kf8 41. Qe5 Bf5 42. h4 Qe7 43. Qf4 Qe2+ 44. Kg3 Qd3+ 45. Qf3 Qxf3+ 46. Kxf3 Bd3 47. Ke3 Bxc4 48. Kd4 Bb3 49. Nxh7+ Ke7 50. Nf6 Bd1 51. Ke5 Bf3 52. Ng8+ Kf7 53. Nf6 Bd1 54. d6 cxd6+ 55. Kxd6 Bf3 56. Nd7 Kg7 57. Nxb6 Kf7 58. Nxa4 Kg7 59. Nc5 Bd1 60. a4 1-0

[Event "GER-ch blitz"]
[Site "Magdeburg"]
[Date "2022.08.21"]
[Round "22"]
[White "Walter, Andreas"]
[Black "Vogel, Roven"]
[Result "0-1"]
[WhiteElo "2241"]
[BlackElo "2516"]
[PlyCount "45"]
[EventDate "2022.08.21"]
[EventType "tourn (blitz)"]
[EventRounds "29"]
[EventCountry "GER"]
[EventCategory "5"]
[SourceTitle "CBM 210 Extra"]
[Source "ChessBase"]
[SourceDate "2022.11.30"]
[SourceVersion "1"]
[SourceVersionDate "2022.11.30"]
[SourceQuality "1"]

1. d4 d5 2. c4 e6 3. Nc3 a6 4. cxd5 exd5 5. Bf4 Nf6 6. e3 c5 7. Nf3 c4 8. a4 Bb4 9. Be2 Ne4 10. Rc1 Qa5 11. Qc2 Bf5 12. Nh4 Nxc3 13. Nxf5 Na2+ 14. Kf1 Nxc1 15. Nxg7+ Kf8 16. Bh6 Nxe2 17. Qf5 Nc6 18. Qf6 Rg8 19. Kxe2 Be7 20. Qf5 Rxg7 21. Qxh7 Ke8 22. Bxg7 Rd8 23. Qf5 0-1

[Event "Staufer op 32nd"]
[Site "Schwaebisch Gmuend"]
[Date "2020.01.02"]
[Round "1"]
[White "Nguyen, Alex Dac Vuong"]
[Black "Walter, Andreas"]
[Result "1/2-1/2"]
[WhiteElo "2401"]
[BlackElo "2178"]
[PlyCount "106"]
[EventDate "2020.01.02"]
[EventType "swiss"]
[EventRounds "9"]
[EventCountry "GER"]
[SourceTitle "CBM 194 Extra"]
[Source "ChessBase"]
[SourceDate "2020.03.31"]
[SourceVersion "1"]
[SourceVersionDate "2020.03.31"]
[SourceQuality "1"]

1. e4 e5 2. Nf3 Nc6 3. Bb5 Nf6 4. 0-0 Nxe4 5. d4 Nd6 6. Bxc6 dxc6 7. dxe5 Nf5 8. Qxd8+ Kxd8 9. h3 Bd7 10. Nc3 b6 11. b3 Kc8 12. Bb2 h5 13. Rad1 Be7 14. Ne4 c5 15. Nc3 Be6 16. Nd5 Bd8 17. Nf4 g5 18. Nxe6 fxe6 19. g4 hxg4 20. hxg4 Nh6 21. Nh2 Rh7 22. Rd3 Be7 23. Kg2 Kb7 24. Rh3 Rah8 25. Rh1 Nf7 26. Nf3 Rxh3 27. Rxh3 Rxh3 28. Kxh3 Kc6 29. a4 Kd7 30. Kg3 Ke8 31. Ng1 Nh8 32. Nh3 Kf7 33. Kf3 Ng6 34. Ke4 Nf8 35. Bc1 Kg6 36. Bd2 Bd8 37. f4 gxf4 38. Nxf4+ Kf7 39. Nh3 Kg6 40. g5 Kf7 41. Kf3 Ng6 42. Bf4 Be7 43. Nf2 Bf8 44. Ne4 Bg7 45. Nf6 Bh8 46. Kg4 Bg7 47. Bg3 Bf8 48. Kh5 Bg7 49. Ng4 Ne7 50. Nh6+ Kf8 51. g6 Bxh6 52. Kxh6 Kg8 53. Bf4 Nf5+ 1/2-1/2

[Event "Staufer op-A 30th"]
[Site "Schwaebisch Gmuend"]
[Date "2018.01.04"]
[Round "5"]
[White "Walter, Andreas"]
[Black "Hoeglauer, Patrick"]
[Result "1-0"]
[WhiteElo "2127"]
[BlackElo "2343"]
[PlyCount "87"]
[EventDate "2018.01.02"]
[EventType "swiss"]
[EventRounds "9"]
[EventCountry "GER"]
[SourceTitle "CBM 182 Extra"]
[Source "ChessBase"]
[SourceDate "2018.02.23"]
[SourceVersion "1"]
[SourceVersionDate "2018.02.23"]
[SourceQuality "1"]

1. d4 Nf6 2. c4 e6 3. Nc3 Bb4 4. Qc2 0-0 5. a3 Bxc3+ 6. Qxc3 b6 7. Bg5 Bb7 8. f3 h6 9. Bh4 d5 10. e3 Nbd7 11. cxd5 Nxd5 12. Bxd8 Nxc3 13. Bh4 Nd5 14. Bf2 e5 15. e4 Nf4 16. d5 c6 17. g3 Ng6 18. dxc6 Bxc6 19. Rc1 Rac8 20. Ba6 Rc7 21. Ne2 Rd8 22. b4 Nb8 23. Bc4 Bb7 24. 0-0 Nf8 25. b5 Bc8 26. Bd5 Rxc1 27. Rxc1 Be6 28. Nc3 Rc8 29. Be3 Nbd7 30. Bc6 Nf6 31. a4 Bd7 32. Nd5 Nxd5 33. exd5 Rc7 34. Ra1 Ng6 35. d6 Rxc6 36. bxc6 Bxc6 37. a5 bxa5 38. Rxa5 Bd7 39. Rxa7 Nf8 40. Bb6 Be6 41. Ra8 Bd7 42. Bd8 Kh7 43. Be7 Ne6 44. Ra7 1-0

[Event "BL2-West 1516"]
[Site "Germany"]
[Date "2016.04.24"]
[Round "2.8"]
[White "Marcziter, Dmitrii"]
[Black "Walter, Andreas"]
[Result "0-1"]
[WhiteElo "2328"]
[BlackElo "2112"]
[PlyCount "98"]
[EventDate "2015.09.20"]
[EventType "team-tourn"]
[EventRounds "9"]
[EventCountry "GER"]
[SourceTitle "EXT 2017"]
[Source "ChessBase"]
[SourceDate "2016.10.25"]
[SourceVersion "1"]
[SourceVersionDate "2016.10.25"]
[SourceQuality "1"]
[WhiteTeam "Aachen DJK"]
[BlackTeam "Dinslaken"]
[WhiteTeamCountry "GER"]
[BlackTeamCountry "GER"]

1. d4 d5 2. Nf3 Nf6 3. c4 c6 4. Nc3 e6 5. e3 Nbd7 6. Qc2 Bd6 7. b3 0-0 8. Bd3 Qe7 9. 0-0 Re8 10. e4 dxc4 11. bxc4 e5 12. d5 cxd5 13. cxd5 a6 14. Be3 Nc5 15. a4 Bg4 16. Nd2 Rac8 17. f3 Bd7 18. Rfc1 Nxa4 19. Rxa4 Rxc3 20. Qxc3 Bxa4 21. Rb1 Rb8 22. Qa5 Be8 23. Nc4 Bc7 24. Bc5 Qd8 25. Qa3 b5 26. Be7 Qd7 27. Nd2 a5 28. Bc5 b4 29. Qa1 Nxd5 30. exd5 Qxd5 31. Ba7 Rd8 32. Bxh7+ Kxh7 33. Ne4 f6 34. Rc1 Qb7 35. Bf2 Bb6 36. Nc5 Qe7 37. Rc4 Rc8 38. Rh4+ Kg8 39. Ne4 Bxf2+ 40. Nxf2 Qc5 41. Re4 Qc1+ 42. Re1 Qxa1 43. Rxa1 a4 44. Nd3 b3 45. Kf2 Rc3 46. Nb4 b2 47. Rb1 a3 48. Na2 Rc2+ 49. Kg3 Bf7 0-1